Universities with the Best Professor Pay Quiz Stats

 Plays Quiz Updated Jul 24, 2017

Support Sporcle.
Go Orange.
Score 0/40 Timer 10:00
0 Plays Today
Average Salary University % Correct
$203,000Harvard
97.8%
$186,300Yale
94%
$200,000Princeton
84.8%
$207,300Stanford
83%
$187,000University of Pennsylvania
82.4%
$160,800Brown
80.1%
$167,000University of California - Los Angeles
79.8%
$212,300Columbia
76.9%
$178,700Massachusetts Institute of Technology
76.1%
$180,200Duke
76.1%
$158,900University of California - Berkeley
75.3%
$187,600New York University
74.3%
$203,600University of Chicago
71.3%
$173,600Georgetown
67.9%
$147,900University of North Carolina - Chapel Hill
66.9%
$167,400Dartmouth
65.9%
$159,800Cornell
65.7%
$160,500University of Southern California
65%
$148,700University of Michigan - Ann Arbor
65%
$176,700Northwestern
62%
Average Salary University % Correct
$154,700Rutgers - Newark
57.2%
$151,000Rutgers - New Brunswick
57.2%
$159,200Boston College
56.6%
$167,900Vanderbilt
54.8%
$153,000University of Notre Dame
53.8%
$175,800Washington University of St. Louis
53.1%
$157,000Boston University
52.2%
$165,400Rice
48.7%
$156,000George Washington
43.1%
$179,200California Tech
40.9%
$160,100Emory
38.7%
$159,400American
37.6%
$153,200Northeastern
22.7%
$149,800Fordham
16.5%
$150,800St. John's
12.4%
$152,300Wellesley
11.3%
$166,700New Jersey Institute of Technology
9.9%
$174,600Yeshiva
8.2%
$173,100Babson
4.6%
$150,500Bentley
4%

You're not logged in!

Compare scores with friends on all Sporcle quizzes.
OR
Log In
Forgot?

From the Vault

'90s Movie Title Match-up

by khands

The '90s did pretty well for itself on the movie front.
Remove Ads.
Support Sporcle.
Get the best of Sporcle when you Go Orange. This ad-free experience offers more features, more stats, and more fun while also helping to support Sporcle. Thank you for becoming a member.

Show Comments

Extras

Top Quizzes Today


Score Distribution

Your Account Isn't Verified!

In order to create a playlist on Sporcle, you need to verify the email address you used during registration. Go to your Sporcle Settings to finish the process.

Report this User

Report this user for behavior that violates our Community Guidelines.

Details: